000 00415nam a2200169Ia 4500
003 GCL
008 140319s9999 xx 000 0 eng d
040 _aGCL /
_cGCL
082 0 4 _a748
_bD G
100 1 _aDOBSWORTH, ROGER
245 1 0 _aGLASS AND GLASS MAKING /
_cDOBSWORTH, ROGER
260 _a[S.N] :
_bSHIRE PUBLICATIONS LTD
300 _a40 P
650 0 4 _aGLASS
650 0 4 _aCLASS MAKING
942 _2ddc
_cBK
999 _c11413
_d11413